00434nam a2200157Ia 450000100060000000800410000602000180004704000130006508200200007810000170009824500910011526000380020630000110024454600070025565000140026226657140414s9999 xx 000 0 und d a0-07-135998-2 cPK-LaUMT a 658.409bBEN-H aD. A. Benton aHow to act like a CEOb10 rules for getting to the top and staying therecD. A. Benton aNew York,USA:bMcGraw-Hill,c2001 a204 p. aEN aExecutive